Η μεγάλη ημέρα και η μεγάλη νύχτα

Αποθηκεύτηκε σε:
Λεπτομέρειες βιβλιογραφικής εγγραφής
Κύριος συγγραφέας: Artaud, Antonin, 1896-1948
Άλλοι συγγραφείς: Ευθυμιάδης, Στέφανος (Μεταφραστής)
Μορφή: Βιβλίο
Γλώσσα:Greek
Δημοσίευση: Αθήνα : Αιγόκερως, c1987.
Θέματα:
Ετικέτες: Προσθήκη ετικέτας
Δεν υπάρχουν, Καταχωρήστε ετικέτα πρώτοι!

MARC

LEADER 00000cam a2200000 i 4500
001 1/32605
008 960731s1987####gr | ||| |||| ||gre||
020 |a 9603220256 
035 |1 ΕΛΗ  |a 1996  |b 2507  |c ΒΙΒΛΙΟΘΗΚΗ  |l 10039142 
040 |a GR-MyUA  |b gre  |e AACR2 
041 0 |a gre 
082 0 |a 846  
100 1 |a Artaud, Antonin,   |d 1896-1948. 
245 1 2 |a Η μεγάλη ημέρα και η μεγάλη νύχτα /   |c Αντονέν Αρτώ ; μετάφραση Στέφανος Ευθυμιάδης.  
260 |a Αθήνα :   |b Αιγόκερως,   |c c1987.  
300 |a 90 σ. ;   |c 16 εκ.  
500 |a Ο τίτλος του βιβλίου προέρχεται απο το κείμενο του Αρτώ Η μέγάλη νύχτα σαν απάντηση του κειμένου των σουρρεαλιστών Η μεγάλη ημέρα. 
650 0 0 |a French letters. 
650 0 0 |a French literature. 
650 0 0 |a French essays. 
700 1 |a Ευθυμιάδης, Στέφανος,  |e trl 
852 |a INST  |b SAMOS  |e 19960731  |h 846 ART  |p 005300009371  |q 005300009371  |t BK  |y 0 
909 |a Σ  |b 041836